Truyện kể về các nhà bác học Vật lý
Spremljeno u:
| Format: | Knjiga |
|---|---|
| Oznake: |
Dodaj oznaku
Bez oznaka, Budi prvi tko označuje ovaj zapis!
|
| Thư viện lưu trữ: | Mạng thư viện Đại học Đà Nẵng |
|---|
| LEADER | 00602nam a2200193 4500 | ||
|---|---|---|---|
| 001 | 000008356 | ||
| 003 | 4543 | ||
| 005 | 20150812140829.0 | ||
| 008 | 111017s sd | ||
| 245 | 0 | 0 | |a Truyện kể về các nhà bác học Vật lý |c Đào Văn Phúc |
| 774 | |a Đào Văn Phúc |d Giáo dục |d H. |d 1987 |g T.1 |h 88 tr. |t Truyện kể về các nhà bác học Vật lý |w 4547 | ||
| OWN | |a LSP | ||
| 999 | |a From the UDN01 | ||
| TYP | |a Monograph | ||
| TYP | |a Printed language | ||
| 980 | |a Mạng thư viện Đại học Đà Nẵng | ||